Elementos de Ingeniería Mecánica

Bibliographic Details
Main Author: Houpt, G. L
Format: Section = Libro
Language:Undetermined
Spanish
Published: México Centro Regional de Ayuda Técnica 1973
Subjects:
LEADER 00614nam a2200229Ia 4500
008 240830s9999 xx 000 0 und d
040 |a B-ESTELÍ- RUACS / 621 H839 
041 |a spa 
082 |a 621 H839 
100 1 |a Houpt, G. L 
245 1 0 |a Elementos de Ingeniería Mecánica 
260 |a México  |b Centro Regional de Ayuda Técnica  |c 1973 
300 |a 273 p:il 
650 7 |a INGENIERÍA MECÁNICA 
650 7 |b  QUÍMICA BASICA 
650 7 |c  ELECTRICIDAD 
650 7 |d  EFECTOS DEL CALOR 
650 7 |e  FUERZAS EN EQUILIBRIO 
650 7 |f  FRICCION 
942 |c BK  |2 ddc 
991 |a TEXTO 
999 |c 11195